000 00323nam a2200145Ia 4500
003 OSt
008 191201s2004 xx 000 0 und d
082 _a169
_bKEE
100 _aKELLY, John
245 4 _aThe Essence of Logic
260 _aNew Delhi
_bPHI
_c2004
300 _a258
650 _aGeneral Books
942 _2ddc
_cBK
999 _c1840
_d1840